Normal view
MARC view
- Computer organization.2.Computer architecture
Entry Topical Term
001 - CONTROL NUMBER
- control field: 118317
003 - CONTROL NUMBER IDENTIFIER
- control field: NUST
005 - DATE AND TIME OF LATEST TRANSACTION
- control field: 20231003164703.0
008 - FIXED-LENGTH DATA ELEMENTS
- fixed length control field: 231003|| aca||aabn | a|a d
040 ## - CATALOGING SOURCE
- Original cataloging agency: NUST
- Transcribing agency: NUST
150 ## - HEADING--TOPICAL TERM
- Topical term or geographic name entry element: Computer organization.2.Computer architecture
670 ## - SOURCE DATA FOUND
- Source citation: Work cat.: (NUST)4160: Stallings, William., Computer organization and architecture: designing for performance, 2009.
